000 00538nam a2200193Ia 4500
003 GCL
008 140319s9999 xx 000 0 ara d
040 _aGCL /
_cGCL
082 0 4 _a301.418
_bو ع
100 1 _aواينبرغ, جاك
245 1 0 _aعيادة الاضطرابات الجنسية /
_cواينبرغ, جاك
700 1 _aمحمد احمد نابلسى
300 _a218 ص
490 _a
650 0 4 _aالجنس
650 0 4 _aالبرود الجنسى
650 0 4 _aالاضطراب الجنسى
942 _2ddc
_cBK
999 _c45425
_d45425